00481 2200169 4500001002100000005001500021035002000036245007900056100002000135250001700155300003200172260003500204082001000239084001600249020002200265650002400287INLIS00000000000091320250317100727 a0010-03250000091 aSeri Pengetahuan ICT Bermain Matematika dengan Komputer /cDwi Estiningsih0 aDwi Estiningsih acetakan ke-1 aiv, 36 hlm :bilus ;c29 cm aJakarta :bGaneca Exact,c2007 a003.3 a003.3 DWI s a978-979-571-397-5 4aTeknologi Informasi